| 000 | 00955cam a2200217 4500 | ||
|---|---|---|---|
| 001 | WB3934-16 | ||
| 008 | 030909n2003 000 0 eng u | ||
| 035 | _a(Sirsi) u123524 | ||
| 245 | _aSystem under fire for homes deficit | ||
| 260 | _c2003 | ||
| 490 |
_aPlanning (for the Natural and Built Environment) _v(1535) 5 September 2003, 7(1) |
||
| 520 | _aA report by Edinburgh Heriot-Watt University shows that the planning system is failing in Scotland to meet the shortfall in affordable housing. The report suggests that money has been spent in the wrong places. The problem of average wage earners is not being addressed with many struggling to be able to afford a house in areas such as the Lothians. | ||
| 590 | _aWB | ||
| 650 | _aSCOTLAND | ||
| 650 | _aPLANNING SYSTEM | ||
| 650 | _aHERIOT-WATT UNIVERSITY | ||
| 650 | _aLOTHIANS | ||
| 650 | _aDUNDEE | ||
| 690 | _aENVIRONMENTAL AND LAND CONSULTANCY-PLANNING AND DEVELOPMENT | ||
| 942 | _n0 | ||
| 999 |
_c73370 _d73370 |
||